Datum a čas kvízu
25.5
Celkem bodů
Celkový počet nahraných bodů na tomto kvízu bez doplňovacích otázek.
4.
Pořadí na kvízu
Konečné umístění týmu na tomto kvízu.
Zaznamenané odpovědi
| # | Otázka | Odpověď | Body | Výsledky |
|---|---|---|---|---|
| 1. | Minulý týden se stalo hitem so... | (Ford) Mustang, žlutá barva | 1 | |
| 2. | Minulý týden došlo v USA ke zř... | Baltimore | 1 | |
| 3. | Pondělní vyřizování účtů mezi... | Aleš Bejr | 1 | |
| 4. | Minulý týden si žena na severu... | s bambulí (od čepice) | 1 | |
| 5. | Kteří dva olympijští vítězové... | Pavel Patera, David Moravec | 0 | |
| 6. | Věříme, že ovládáte velkou pal... | Řecko | 1 | |
| 7. | Kterou měnou se platí na ostro... | dánskou korunou | 0 | |
| 8. | Vyberte zemi, jejíž zkratka ná... | C | 1 | |
| 9. | Řeka Dunaj díky své délce prot... | 1A 2B 3C 4D | 0 | |
| 10. | Na snímku z letiště můžete spa... | Dublin | 1 |